MARC details
| 000 -CABECERA |
| campo de control de longitud fija |
01118cam a22003011a 4500 |
| 001 - NÚMERO DE CONTROL |
| campo de control |
000012214 |
| 005 - FECHA Y HORA DE LA ÚLTIMA TRANSACCIÓN |
| campo de control |
20250509140829.0 |
| 008 - DATOS DE LONGITUD FIJA--INFORMACIÓN GENERAL |
| campo de control de longitud fija |
890928s1970 ve c b 000 0 spa |
| 010 ## - NÚMERO DE CONTROL DE LA BIBLIOTECA DEL CONGRESO |
| Número de control de LC |
70874230 |
| 035 ## - NÚMERO DE CONTROL DEL SISTEMA |
| Número de control de sistema |
(OCoLC)20407289 |
| 040 ## - FUENTE DE LA CATALOGACIÓN |
| Centro catalogador/agencia de origen |
DO-SdBNP |
| Centro/agencia transcriptor |
TxKT |
| Centro/agencia modificador |
DLC |
| 041 1# - CÓDIGO DE LENGUA |
| Código de lengua del texto/banda sonora o título independiente |
spa |
| Código de lengua original |
ita |
| 043 ## - CÓDIGO DE ÁREA GEOGRÁFICA |
| Código de área geográfica |
s-ve--- |
| 082 ## - NÚMERO DE LA CLASIFICACIÓN DECIMAL DEWEY |
| Número de clasificación |
371.33 |
| Número de documento/Ítem |
B175c |
| 049 ## - FONDOS LOCALES (OCLC) |
| Fondos de biblioteca |
BNGR |
| 100 1# - ENTRADA PRINCIPAL--NOMBRE DE PERSONA |
| Nombre de persona |
Baldelli, Pio. |
| 9 (RLIN) |
28846 |
| 240 10 - TÍTULO UNIFORME |
| Título uniforme |
Comunicazione audiovisiva e educazione. |
| Lenguaje de la obra |
Spanish. |
| Fecha de publicación/de la obra |
1970 |
| 245 10 - MENCIÓN DE TÍTULO |
| Título |
Comunicación audiovisual y educación / |
| Mención de responsabilidad, etc. |
Pio Baldelli ; traducción: Ambretta Marrosu. |
| 260 ## - PUBLICACIÓN, DISTRIBUCIÓN, ETC. |
| Lugar de publicación, distribución, etc. |
[Caracas] : |
| Nombre del editor, distribuidor, etc. |
Ediciones de la Biblioteca, Universidad Central de Venezuela, |
| Fecha de publicación, distribución, etc. |
1970. |
| 300 ## - DESCRIPCIÓN FÍSICA |
| Extensión |
249 p. : |
| Otras características físicas |
4 leaves of plates, ports. ; |
| Dimensiones |
21 cm. |
| 490 1# - MENCIÓN DE SERIE |
| Mención de serie |
Temas |
| Designación de volumen o secuencia |
30 |
| 500 ## - NOTA GENERAL |
| Nota general |
Translation of Comunicazione audiovisiva e educazione. |
| 504 ## - NOTA DE BIBLIOGRAFÍA, ETC. |
| Nota de bibliografía, etc. |
Includes bibliographical references. |
| 650 #4 - PUNTO DE ACCESO ADICIONAL DE MATERIA--TÉRMINO DE MATERIA |
| Término de materia o nombre geográfico como elemento de entrada |
Enseñanza audiovisual |
| Subdivisión geográfica |
Venezuela |
| 9 (RLIN) |
28847 |
| 650 #0 - PUNTO DE ACCESO ADICIONAL DE MATERIA--TÉRMINO DE MATERIA |
| Término de materia o nombre geográfico como elemento de entrada |
Tecnología educativa |
| 9 (RLIN) |
18772 |
| 830 #0 - PUNTO DE ACCESO ADICIONAL DE SERIE-TÍTULO UNIFORME |
| Título uniforme |
Temas (Universidad Central de Venezuela. Ediciones de la Biblioteca) ; |
| Designación de volumen o secuencia |
30. |
| 9 (RLIN) |
28848 |
| 910 ## - DATOS DE OPCIÓN DEL USUARIO (OCLC) |
| Datos de opción del usuario |
Catalogación derivada |